4 χρόνια άγνωστη ελληνική ιστορία
Saved in:
| Main Author: | |
|---|---|
| Format: | Book |
| Language: | Greek |
| Published: |
Αλεξάνδρεια :
Σπύρος Ν. Γρίβας,
1946
|
| Subjects: | |
| Tags: |
Add Tag
No Tags, Be the first to tag this record!
|
MARC
| LEADER | 00000cam a2200000 i 4500 | ||
|---|---|---|---|
| 001 | 1/7438 | ||
| 008 | 000621s1946 gr | ||| |||| ||gre|| | ||
| 035 | |l 10062283 | ||
| 040 | |a GR-MY-UA |b gre |e aacr | ||
| 041 | 0 | |a gre | |
| 082 | 0 | |a 938.765 | |
| 100 | 1 | |a Κουτσουμής, Ντίνος. | |
| 245 | 1 | 0 | |a 4 χρόνια άγνωστη ελληνική ιστορία / |c υπό Ντίνου Κουτσουμή |
| 260 | |a Αλεξάνδρεια : |b Σπύρος Ν. Γρίβας, |c 1946 | ||
| 300 | |a 127 σ. | ||
| 650 | 0 | 0 | |a World War, 1939-1945 |z Greece. |
| 650 | 0 | 0 | |a World War, 1939-1945 |z Middle East. |
| 651 | 0 | |a Greece |x History |y 1941-1944. | |
| 852 | |a INST |b LESVOS |e 20000621 |h 938.765 ΚΟΥ |p 005100020630 |q 005100020630 |t BK |y 0 | ||
| 901 | |a BIBL1-2000-2 | ||
| 909 | |a Λ |b 052073 | ||
| 970 | |z 2000/06/ΔΕΜΕΝΑΓΑΣ (ELIDOC) | ||